000 02260nam a22003377a 4500
005 20100901111630.0
008 100901t xxu||||| |||| 00| 0 eng d
010 _aENG-101385 B-425176-181
020 _a0198069391
_c350.00
020 _a9780198069393
_c350.00
035 _aEN-84918 B-425176-181
037 _bDBAD / PUB
037 _bK.K.Pub/Ven
040 _aDpl
_bEng
082 1 4 _a598.09541
245 1 _aBirds of India :
_cedited by Abdul Jamil Urfi
_ba literary anthology /
260 _aNew Delhi
_bOxford University Press
_c2010
270 _aYMCA Library Building, Jai Singh Road
_bNew Delhi
_e110001
300 _axxviii,385p.
_c22cm (Hb)
500 _aIncludes bibliographical references and index
700 _aUrfi, Abdul Jamil
_917843
942 _adpl
_cEN
_k
_2ddc
_h598.09541
_mBIR
999 _c43302
_d43302